Bhasa aru bhasa-chinta (Record no. 2373)

MARC details
000 -LEADER
fixed length control field 00475cam a2200193ua 4500
008 - FIXED-LENGTH DATA ELEMENTS--GENERAL INFORMATION
fixed length control field 110824n ii |||gr||||Z||||||asm
020 ## - INTERNATIONAL STANDARD BOOK NUMBER
International Standard Book Number 81-85916-80-2
040 ## - CATALOGING SOURCE
Transcribing agency MAIN
082 ## - DEWEY DECIMAL CLASSIFICATION NUMBER
Classification number 410
100 1# - MAIN ENTRY--PERSONAL NAME
Personal name Thakur, Nagen,
Relator term
245 1# - TITLE STATEMENT
Title Bhasa aru bhasa-chinta
Statement of responsibility, etc. by Nagen Thakur
250 ## - EDITION STATEMENT
Edition statement 1st.
260 ## - PUBLICATION, DISTRIBUTION, ETC.
Place of publication, distribution, etc. Guahati:
Name of publisher, distributor, etc. K. M. Publishing,
Date of publication, distribution, etc. 2003.
300 ## - PHYSICAL DESCRIPTION
Extent 182p:
Dimensions 23cm.
942 ## - ADDED ENTRY ELEMENTS (KOHA)
Koha item type Books
653 ## - INDEX TERM--UNCONTROLLED
Uncontrolled term Linguisties
653 ## - INDEX TERM--UNCONTROLLED
Uncontrolled term Bhasa aru bhasa-chinta
Holdings
Withdrawn status Lost status Damaged status Not for loan Home library Current library Shelving location Date acquired Total Checkouts Full call number Barcode Date last seen Date last checked out Copy number Price effective from Koha item type
        Central Library, Naharkatiya College Central Library, Naharkatiya College General Stacks 19/09/2020 2 410 | THA 18063 24/05/2025 13/05/2025 1 19/09/2020 Books

Naharkatiya College © 2020. All rights reserved.

Powered By